|
|
|
|
| LEADER |
00913nam a22002177a 4500 |
| 008 |
140115b xxu||||| |||| 00| 0 eng d |
| 020 |
|
|
|a 9789383080151
|
| 082 |
|
|
|a 320.5322 MAR/RAM
|
| 100 |
|
|
|a രാമകൃഷ്ണപിള്ള, കെ.
|
| 240 |
|
|
|a Karlmarxineppatty
|
| 245 |
|
|
|a കാറല് മാര്ക്സിനെപ്പറ്റി
|c കെ. രാമകൃഷ്ണപിള്ള
|
| 260 |
|
|
|a തൃശൂര്
|b എച്ച് & സി ബുക്സ്
|c 2013.
|
| 300 |
|
|
|a 39p.
|
| 600 |
|
|
|a Karl Marx
|
| 600 |
|
|
|a Swadesabhimarni K. Ramakrishnapillai
|
| 650 |
|
|
|a Politics
|
| 650 |
|
|
|a Marxism
|
| 700 |
|
|
|a Ramakrishnapillai, K.
|
| 942 |
|
|
|2 ddc
|c BK
|
| 999 |
|
|
|c 5120
|d 5120
|
| 952 |
|
|
|0 0
|1 0
|2 ddc
|4 0
|6 320_532200000000000_MARRAM
|7 0
|9 7244
|a MAIN
|b MAIN
|d 2014-01-15
|e Current Books, Calicut (D. C. Books)
|g 30.00
|l 2
|o 320.5322 MAR/RAM
|p 7413
|r 2019-01-23
|s 2019-01-04
|t 1
|w 2014-01-15
|y BK
|